Ubytovacie služby, ich význam a uplatnenie v CR SR. Analýza poskytovania ubytovacích služieb vo vybranom zariadení ubytovacích služieb bakalárska práca

Guardado en:
Detalles Bibliográficos
Autor principal: Buranová, Lenka
Autor Corporativo: Obchodná fakulta EU. Katedra služieb a cestovného ruchu - zrušené
Otros Autores: Trefil, Peter
Formato: Libro
Lenguaje:eslovaco
Publicado: Bratislava 2012
Etiquetas: Agregar Etiqueta
Sin Etiquetas, Sea el primero en etiquetar este registro!

MARC

LEADER 00000nbm a2200000 4500
001 0154476
005 20161109111846.8
041 0 |a slo 
044 |a SK 
245 1 0 |a Ubytovacie služby, ich význam a uplatnenie v CR SR. Analýza poskytovania ubytovacích služieb vo vybranom zariadení ubytovacích služieb  |b bakalárska práca  |c Lenka Buranová ; školiteľ: Peter Trefil 
264 1 |a Bratislava  |c 2012 
300 |a 61 s. 
100 1 |a Buranová, Lenka 
700 1 |a Trefil, Peter 
710 2 |a Obchodná fakulta EU. Katedra služieb a cestovného ruchu - zrušené